Truth in focus. (Record no. 12601)

000 -LEADER
fixed length control field 00525nam a2200181 a 4500
001 - CONTROL NUMBER
control field :::00010409$&:&@@
003 - CONTROL NUMBER IDENTIFIER
control field OkBaRHE
005 - DATE AND TIME OF LATEST TRANSACTION
control field 20000607103358.0
008 - FIXED-LENGTH DATA ELEMENTS--GENERAL INFORMATION
fixed length control field s1968 j 000 0 eng u
040 ## - CATALOGING SOURCE
Transcribing agency
100 1# - MAIN ENTRY--PERSONAL NAME
Personal name Ford, Clifford.
245 10 - TITLE STATEMENT
Title Truth in focus.
260 ## - PUBLICATION, DISTRIBUTION, ETC. (IMPRINT)
Place of publication, distribution, etc Denver, CO., :
Name of publisher, distributor, etc Ashton Publishing Company
Date of publication, distribution, etc c1968
300 ## - PHYSICAL DESCRIPTION
Extent 208 p. ;
Dimensions 22 cm.
650 ## - SUBJECT ADDED ENTRY--TOPICAL TERM
Topical term or geographic name as entry element Christian Life
942 ## - ADDED ENTRY ELEMENTS (KOHA)
Source of classification or shelving scheme
Koha item type Books
Copies
Price effective from Date last seen Withdrawn status Source of classification or shelving scheme Full call number Copy number Damaged status Shelving location Koha item type Date acquired Permanent Location Lost status Barcode Not for loan
2010-04-142010-04-14  BV 4501 .F61 General StacksBooks2010-04-14RHEMA Bible Training College 10409